[Event "Corus-B"]
[Site "Wijk aan Zee"]
[Date "2006.01.19"]
[Round "5"]
[White "Carlsen, Magnus"]
[Black "Beliavsky, Alexander G"]
[Result "1-0"]
[WhiteElo "2625"]
[BlackElo "2626"]
[Annotator "Mikhalevski,Victor"]
[PlyCount "39"]
[EventDate "2006.01.14"]
[EventType "tourn"]
[EventRounds "13"]
[EventCountry "NED"]
[EventCategory "15"]
[SourceTitle "CBM 111"]
[Source "ChessBase"]
[SourceDate "2006.04.04"]
[SourceVersion "1"]
[SourceVersionDate "2006.04.04"]
[SourceQuality "1"]

1. e4 {Marin,Mihail} e5 2. Nf3 Nc6 3. Bb5 a6 4. Ba4 Nf6 5. O-O b5 6. Bb3 Bb7 7. d3 Bc5 8. Nc3 (8. a4 d6 9. Nc3 {leads to the same position.}) 8... d6 9. a4 ({RR} 9. a3 h6 10. Be3 ({RR} 10. Ne2) 10... O-O 11. Ba2 Rb8 ({RR} 11... Ba7 12. Qd2 Ne7 13. Ne2 Nh7 14. Ng3 Kh8 15. Bxa7 Rxa7 16. Nh4 d5 17. Rad1 Ra8 18. Qc3 d4 19. Qd2 Bc8 20. f4) 12. Ne2 Bc8 13. Ng3 Bb6 14. c3 Re8 15. d4 Bg4 16. Qd3 Bxf3 17. gxf3 Ne7 18. Kh1 Qd7 19. f4 Qh3 20. f3 exf4 ({RR} 20... exd4 21. cxd4 c5) 21. Bxf4 Ng6 22. Be3 c5 23. Rf2 Nh5 {Karjakin,S (2780)-Sokolov,I (2663) Wijk aan Zee 2013 CBM 153 [Marin,Mihail] 1-0 (32)}) 9... Na5 {Already this move is very uncommon, although it may transpose to 9...b4 10.e2.} (9... b4 {is the main line.} 10. Ne2 {[%cal Ge2g3]} (10. Nd5 {is a more popular continuation. Here is a relatively recent example.} Na5 11. Nxf6+ Qxf6 12. Ba2 Bc8 (12... h6 13. c3 bxc3 14. bxc3 O-O 15. Be3 Rad8 16. Rb1 Bc8 17. Qe2 Be6 $6 18. h3 $14 {Kasparov,G-Anand,V, PCA World Championship/CBM 49[Benjamin,J].}) 13. h3 Rb8 14. c3 b3 15. Bb1 O-O 16. d4 Bb6 17. d5 Qg6 18. Nh4 Qf6 19. Nf5 c6 {½-½ Khairullin,I-Riazantsev,A/Kazan RUS 2005/The Week in Chess 566}) 10... O-O ({Now} 10... Na5 11. Ba2 {transposes to the text.}) 11. a5 $5 {Preventing Na5.} (11. Ng3 Na5 12. Ba2 Bc8 13. c3 bxc3 14. bxc3 Bb6 15. Bg5 $1 h6 16. Bh4 $1 Bg4 17. h3 Bxf3 18. Qxf3 g5 19. Nf5 (19. Nh5 $1 Nxh5 20. Qxh5 gxh4 21. Qg6+ Kh8 22. Qxh6+ Kg8 23. Kh1 $1 $40) 19... gxh4 20. Nxh6+ $13 {1-0 De Firmian,N-Lugo,B/San Diego USA 2004/The Week in Chess 525 (44)}) 11... Ne7 (11... d5 $5) 12. Be3 Ng6 13. Bxc5 dxc5 14. Ng3 Bc8 15. Qe1 Be6 16. Bxe6 fxe6 17. Nd2 $14 {[%cal Gd2c4] 1-0 Anand,V-Hector,J/Middelfart DEN 2003/The Week in Chess 439 (65)}) 10. Ba2 b4 (10... c6 $6 {is dubious. In the following game White brilliantly exploited a misplaced knight on a5.} 11. Bd2 O-O 12. Ne2 bxa4 $2 13. Qe1 $1 Bb6 14. b4 $1 axb3 15. Bb1 $1 Nc4 16. dxc4 b2 17. Ra2 Nxe4 18. Rxb2 $16 {1-0 Savon,V-Bronstein,D/Odessa 1974/EXT 99 (40)}) 11. Ne2 ({RR} 11. Nd5 b3 12. cxb3 Bxd5 13. exd5 Bb4 14. d4 e4 15. Bd2 Rb8 16. Qe1 Bxd2 17. Nxd2 O-O 18. b4 Rxb4 19. Nxe4 Qb8 20. Nxf6+ gxf6 21. Bb1 Re8 22. Qc3 Nb3 23. Qg3+ Kf8 24. Bxh7 Re2 25. Rfe1 Nxd4 {Sokolovsky,Y (2414)-Tarhan,A (2312) Antalya TUR 2022 1-0}) 11... Bc8 $146 {[%cal Gc8e6] Although a typical idea by itself it had never been tested yet in the current position. From c8 Black brings the bishop to e6, covering on the way the f5-square.} ({Earlier Black played} 11... Rb8 {with the idea to meet 12.c3 with b3.} 12. Ng3 (12. c3 b3 $5) 12... O-O (12... Bc8 13. d4 exd4 14. Nxd4 O-O 15. Bg5 h6 16. Bf4 Bxd4 17. Qxd4 b3 18. Bxb3 Nxb3 19. cxb3 Rxb3 20. Rac1 $14 {½-½ Rodriguez Cespedes,A-Diaz,J/Mexico 1991/TD}) 13. Bg5 {[%cal Gg3h5]} h6 14. Bh4 $5 (14. Be3 Bxe3 15. fxe3 Bc8 16. Qe1 c6 17. Nd2 Be6 18. Bxe6 fxe6 19. Qe2 Qb6 20. Rf3 Qc5 $15 {½-½ Perez Perez,A-Ilczuk,J/ICCF Email 2003/ICCF Telechess CBM 102 (26)}) 14... g6 $6 15. Qd2 Kh7 $1 (15... Kg7 16. d4 exd4 17. Nxd4 Bxd4 18. Qxd4 Nc6 19. Qe3 $16 {½-½ Rayner,F-Ledger,D/Telford ENG 2003/The Week in Chess 429 (35)}) 16. d4 Bxd4 17. Nxd4 exd4 {[%csl Rh4][%cal Gf6e4]} 18. Rfe1 Nc6 19. f3 g5 20. Nf5 $1 Bc8 21. Bf2 Bxf5 22. exf5 $14 {[%csl Rd4] 1-0 Dijon,J-Johansson,S/ICCF Email 2002/ICCF Telechess CBM 98 (40)}) (11... b3 $6 12. Bxb3 (12. Qe1 $5 {[%csl Ra5]}) 12... Nxb3 13. cxb3 h6 14. Ng3 (14. Be3 $5) 14... O-O 15. Be3 Bxe3 16. fxe3 $16 {1-0 Hagarova,Z-Skripchenko,A/Halle 1995/EXT 97 (47)}) ({RR} 11... h6 12. Be3 Qe7 13. Ng3 Bc8 14. d4 Ba7 15. Re1 c5 16. dxe5 dxe5 17. Nf5 Bxf5 18. exf5 O-O 19. Bf4 c4 20. Rxe5 Qc7 21. Bg3 Nh5 22. Qd5 Nxg3 23. hxg3 Nc6 24. Qxc4 Rac8 25. Re2 Qxg3 26. Qxa6 {Raja,H (2420)-Marzano,C (2261) London 2017 1-0 (42)}) ({RR} 11... b3 12. Bxb3 Nxb3 13. cxb3 h6 14. Ng3 O-O 15. Be3 Bxe3 16. fxe3 a5 17. Qe1 g6 18. Rc1 Ba6 19. Rc3 Kh7 20. Rf2 c5 21. d4 exd4 22. exd4 cxd4 23. Nxd4 Ng4 24. Rd2 Rc8 25. h3 Ne5 26. Qf2 {Stockova,Z (2215)-Skripchenko,A (2400) Halle 1995 1-0 (48)}) 12. c3 {[%cal Gd3d4]} bxc3 13. bxc3 Bb6 {Otherwise 14. d4 with a tempo.} 14. Ng3 Be6 $6 {Black shouldn't have left his king in the centre.} (14... O-O {, which was necessary would transpose to De Firmian,N-Lugo,B/San Diego 2004. See above.}) 15. d4 $1 $16 {White is much better prepared for opening of the position.} Bxa2 $6 {ANother unfortunate decision. I believe Black had to leave the bishop on e6 at least to cover the f5-square.} (15... O-O) 16. Rxa2 O-O 17. Bg5 $1 {[%cal Gg3h5] This pin turns out to be very annoying. White has two extra pieces in attack.} exd4 $2 {This careless move leads to a disaster. Beliavsky has definitely underestimated the threats.} (17... h6 {was necessary, but after} 18. Bh4 $1 {Black's position is already dangerous anyway. F.e.} exd4 (18... Nc6 {is not better.} 19. Nh5 $1 {[%csl Rf6]} (19. Nf5 $5) 19... g5 20. Nxg5 $1 Nxh5 21. Qxh5 hxg5 22. Bxg5 f6 23. Bh6 $16 {and again White has a huge advantage thanks to a vulnerable position of Black's king.}) 19. Nh5 (19. cxd4 $5 {[%cal Gg3h5]} Re8 (19... g5 20. Nxg5 hxg5 21. Bxg5 $18 {[%cal Gg3h5]}) (19... c5 20. Nh5 g5 21. Nxg5 Nxh5 22. Qxh5 hxg5 23. Bxg5 f6 24. Qg6+ Kh8 25. Ra3 $1 $18 {[%csl Rh8][%cal Ga3h3]}) 20. Qc1 {[%cal Gg3h5]} (20. Nh5 $5 Rxe4 21. Bxf6 gxf6 22. Nd2 {[%cal Gd1f3]} Rxd4 23. Qf3 f5 24. Ng3 $40 {[%cal Gg3f5]}) 20... Nb3 21. Qe3 Nxd4 22. Nxd4 Bxd4 23. Qxd4 g5 24. f3 $1 gxh4 25. Nf5 $18 {and despite material equality White has a decisive advantage.}) 19... g5 20. Nxg5 Nxh5 21. Qxh5 hxg5 22. Bxg5 f6 (22... Qd7 $4 23. Bf6 {[%cal Gh5h8]}) 23. Bh6 Qe8 24. Qg4+ Kf7 25. Bxf8 Kxf8 26. cxd4 $16 {[%csl Rf8] and White has a clear advantage since Black king has no refuge.}) 18. Nh5 $1 $18 {This strong, but rather obvious move decides the game. Black's position is already defenseless.} dxc3 19. Nh4 $1 {[%csl Rg7][%cal Gh4f5] Magnus knows to attack. The knight comes to f5 with devastating consequences for Black.} Kh8 20. Nf5 {[%csl Rf6,Rg7] Black resigned as he can't protect neither the g7-pawn nor the knight on f6. I don't remember that such an experienced GM as Beliavsky loses so quickly. Bravo, Magnus!} (20. Nf5 Nc6 21. Nfxg7 Bd4 22. Nf5 Rg8 23. Bh4 $1 Be5 (23... Rg4 24. Bxf6+ Bxf6 25. Qxg4 $18) 24. f4 $18 {and Black loses all his pieces.}) 1-0

[Event "Corus-B"]
[Site "Wijk aan Zee"]
[Date "2006.01.20"]
[Round "6"]
[White "Naiditsch, Arkadij"]
[Black "Carlsen, Magnus"]
[Result "0-1"]
[WhiteElo "2657"]
[BlackElo "2625"]
[Annotator "Rogozenco,Dorian"]
[PlyCount "66"]
[EventDate "2006.01.14"]
[EventType "tourn"]
[EventRounds "13"]
[EventCountry "NED"]
[EventCategory "15"]
[SourceTitle "CBM 111"]
[Source "ChessBase"]
[SourceDate "2006.04.04"]
[SourceVersion "1"]
[SourceVersionDate "2006.04.04"]
[SourceQuality "1"]

1. e4 {Rogozenco,Dorian} c5 2. Nf3 Nc6 3. d4 cxd4 4. Nxd4 Nf6 5. Nc3 e5 6. Ndb5 d6 7. Bg5 a6 8. Na3 b5 9. Nd5 Be7 10. Nxe7 Nxe7 11. Bd3 Nd7 (11... Bb7 $142) 12. O-O ({RR} 12. c4 b4 13. Nc2 a5 14. Ne3 f6 15. Bh4 O-O 16. O-O Nc5 17. f3 Be6 18. Re1 Qb8 19. Bf1 Kh8 20. Re2 Rc8 21. Rd2 Ra6 22. Rc1 Rac6 23. Bf2 Bf7 24. Nd5 Nxd5 ({RR} 24... Qb7 25. Bxc5 dxc5 ({RR} 25... Rxc5 26. Nxe7 Qxe7 27. Rxd6) 26. Nxe7 Qxe7 27. Rd7 Qe8) 25. cxd5 ({RR} 25. exd5 R6c7) 25... R6c7 26. Rdc2 Be8 {Morozevich,A (2747)-Carlsen,M (2698) Moscow 2006 CBM 116 [Rogozenco,Dorian] ½-½ (46)}) ({RR} 12. b4 h6 ({RR} 12... O-O 13. O-O Nb6 14. c4 f6 15. Be3 Nxc4 16. Nxc4 bxc4 17. Bxc4+ Kh8 18. f3) 13. Be3 d5 14. exd5 Nxd5 15. Qf3 N7f6 ({RR} 15... Bb7) 16. Bc5 Bg4 17. Qg3 Nf4 18. h3 Bh5 19. Nxb5 Nxd3+ 20. cxd3 axb5 21. Qxe5+ Kd7 22. Qd6+ Kc8 23. Qc6+ Qc7 24. Qxa8+ Kd7 25. Qa7) ({RR} 12. b4 Nb6 13. c4 bxc4 14. Nxc4 Nxc4 15. Bxc4 Bb7 16. Qa4+ Bc6 17. Qxc6+ Nxc6 18. Bxd8 Kxd8 19. Rc1 Ra7 20. Kd2 Ke7 21. Bxf7 Nxb4 22. Bb3 a5 23. Rc3 Rf8 24. f3 Na6 25. Rhc1 Nc5 26. Rxc5 dxc5 {Varga,Z (2411)-Najgebauer,S (2215) Slovakia 2017 ½-½ (51)}) 12... Nc5 13. b4 Nxd3 $146 ({RR} 13... Ne6 14. Bxe7 Qxe7 15. c4 bxc4 16. Bxc4 O-O 17. b5 axb5 18. Nxb5 Rd8 19. Bd5 Bb7 20. Rc1 Bxd5 21. Qxd5 Nc5 22. Nxd6 Qxd6 23. Qxc5 Qxc5 24. Rxc5 f6 25. Rc2 Rd4 26. f3 Rda4 27. Rff2 g5 28. h3 {Jandl,V (1837)-Skubal,O (1705) Mlada Boleslav 2013 ½-½ (31)}) 14. Qxd3 f6 15. Be3 d5 16. Bc5 dxe4 (16... d4 17. f4 O-O 18. fxe5 fxe5 19. Rxf8+ Qxf8 20. Qg3 $16) (16... Be6 17. f4 $5 exf4 18. Rae1 d4 19. e5 $36) ({RR} 16... d4 17. f4 O-O 18. fxe5 fxe5 19. Rxf8+ Qxf8 20. Qg3) ({RR} 16... Be6 17. f4 exf4 18. Rae1 d4 19. e5) 17. Qxe4 Qd5 18. Qe2 $1 (18. Qxd5 Nxd5 19. c4 $14) ({RR} 18. Qxd5 Nxd5 19. c4) 18... Bb7 (18... Ng6 19. f4 $1 $16 {[%csl Re8]}) ({RR} 18... Ng6 19. f4) 19. f3 Ng6 20. Rfd1 Nf4 21. Qf1 Qe6 22. c4 {With his king somewhere on h8 Black could have hopes to create counterplay, but here he must waste too much time to find a relatively safe position for the king. Therefore Black's compensation will not be enough.} Kf7 (22... bxc4 $2 23. Nxc4 $18) ({RR} 22... bxc4 23. Nxc4) 23. Rd6 Qf5 24. cxb5 axb5 25. Nxb5 Kg6 (25... Ba6 26. Qc4+ Kg6 27. a4 $16) ({RR} 25... Ba6 26. Qc4+ Kg6 27. a4) 26. Rd2 Rhd8 27. Rxd8 Rxd8 28. Nd6 Rxd6 {The only way to create some practical chances.} (28... Qd7 29. a4 $18) ({RR} 28... Qd7 29. a4) 29. Bxd6 Qg5 30. Kh1 h5 {White is of course winning. He still must watch out for some tricks, but it is not very complicated.} 31. Bc5 $2 ({A clear win is} 31. a4 h4 32. h3 Qg3 33. Ra3 Bd5 {[%cal Gd5c4]} (33... Nh5 34. b5 Qf4 35. Qd3+ Kf7 (35... Kh6 36. Qe3 $18) (35... f5 36. Qe3 Ng3+ 37. Kg1 Qc4 38. Ra1 $18) 36. Qb3+ Kg6 37. Qc2+ Kf7 38. Bc5 Ng3+ 39. Kg1 e4 40. Bb6 $18) 34. Bc5 e4 (34... Bc4 35. Qf2 Qg5 36. Be3 $18) 35. a5 exf3 36. Rxf3 {The safest} Bxf3 37. gxf3 {[%cal Gf1g1,Gg1g7]} Kh7 38. a6 $18) ({RR} 31. a4 h4 32. h3 Qg3 33. Ra3) 31... e4 32. Be3 $4 {[%mdl 8192]} ({Again he should have played} 32. a4 {[%cal Ga1a3] with the idea a3. White still should be winning.}) ({RR} 32. a4) 32... exf3 33. gxf3 Qg4 $1 0-1

[Event "Corus-B"]
[Site "Wijk aan Zee"]
[Date "2006.01.21"]
[Round "7"]
[White "Carlsen, Magnus"]
[Black "Vescovi, Giovanni P"]
[Result "1-0"]
[WhiteElo "2625"]
[BlackElo "2633"]
[Annotator "Ribli,Zoltan"]
[PlyCount "77"]
[EventDate "2006.01.14"]
[EventType "tourn"]
[EventRounds "13"]
[EventCountry "NED"]
[EventCategory "15"]
[SourceTitle "CBM 111"]
[Source "ChessBase"]
[SourceDate "2006.04.04"]
[SourceVersion "1"]
[SourceVersionDate "2006.04.04"]
[SourceQuality "1"]

1. e4 c5 2. Nf3 e6 3. d4 cxd4 4. Nxd4 Nc6 5. Nc3 a6 {Die Hauptidee des Zuges 5...a6 ist, dass Schwarz nach 6.e3 6...f6 ziehen kann und nach 7.d2?! b4 8.f3 d5 9.a3 a5 hat Schwarz eine bequeme Stellung.} 6. Nxc6 bxc6 7. Bd3 d5 8. O-O Nf6 9. Re1 Be7 10. e5 Nd7 11. Qg4 (11. Na4 Nb6 12. Nxb6 Qxb6 13. c4 O-O 14. Qc2 g6 15. Be3 Qb8 16. g3 Bb7 17. h4 dxc4 18. Be4 c5 {½-½ Najer,E-Lautier,J/FIDE World Cup 2005/CBM111 (21)}) 11... g6 12. Na4 {[%cal Gc2c4]} (12. Bh6 Rb8 13. Qh3 Rb4 {[%csl Gb4][%cal Gb4h4]} 14. Bg7 Rg8 $5 15. Qxh7 Rxg7 16. Qxg7 Bf8 17. Qg8 Qg5 $1 $44 {[%csl Gb4,Re5,Gg5,Rg8] ½-½ Polgar,J-Anand,V/Sofia 2005/CBM 107/[Ribli] (70)}) (12. b3 c5 13. Na4 c4 14. Bf1 Bb7 15. Bd2 Bc6 16. Nb2 Qb8 17. Qg3 O-O 18. Rab1 cxb3 19. axb3 Nc5 20. f3 {½-½ Adams,M-Svidler,P/Dortmund 2005/CBM 108 (20)}) 12... Qa5 (12... c5 13. c4 O-O 14. Bh6 Re8 15. Rad1 Rb8 16. b3 d4 17. f4 Qc7 18. h4 {1-0 Sax,G-Franzoni,G/Thessaloniki 1984/EXT 97}) 13. Bh6 Qb4 (13... Rb8 14. b3 Rb4 15. Qe2 Rxa4 16. bxa4 Bb4 17. Red1 Bc3 18. Bd2 Bxd2 19. Rxd2 Qc3 20. Rb1 O-O 21. Rdd1 c5 22. Rb3 Qxe5 23. Qxe5 Nxe5 24. Rb6 {1-0 Benjamin,J-Piasetski,L/Thessaloniki 1988/TD (74)}) 14. Qxb4 Bxb4 15. c3 Bf8 {Das ist die schwarze Verbesserung. Vor ca. einem Monat spielte Schwarz 15...a5 (Bacrot,E - Rublevsky,S 2005). Mit dem Läuferzug beabsichtigt Schwarz den Tausch der schwarzfeldrigen Läufer.} (15... Ba5 16. b4 Bc7 17. f4 a5 18. b5 Nb6 19. Nxb6 Bxb6+ 20. Kf1 cxb5 21. Bxb5+ $14 {1-0 Bacrot,E-Rublevsky,S/2005/FIDE World Cup/CBM 111/40}) 16. Bxf8 (16. Bg5 Be7 (16... Bg7 17. f4) 17. Bxe7 Kxe7 18. c4) 16... Rxf8 17. c4 {Das ist die Hauptidee des Zuges 12.a4.} Ke7 $146 ({RR} 17... Bb7 18. Rac1 Rc8 19. f4 Ke7 20. b4 f6 21. exf6+ Rxf6 22. g3 Kd6 23. c5+ Kc7 24. Bf1 a5 25. a3 Ra8 26. Nc3 axb4 27. axb4 e5 28. fxe5 Re6 29. Ne2 Rxe5 30. Nd4 Rae8 31. Red1 Nf8 32. Bh3 {Swiercz,D (2609)-Farago,I (2488) Germany 2012 1-0 (41)}) 18. cxd5 cxd5 19. Rac1 $14 {[%csl Gc1,Rc8][%cal Gc1c8] Weiß kontrolliert die c-Linie und der c8 steht passiv.} Ra7 $6 (19... a5 $5 {[%cal Gc8a6,Ga6d3]} 20. Rc6 (20. Rc7 Kd8 21. Rc6 Nxe5 22. Rxe5 Bd7 23. Rd6 Kc7) 20... Nxe5 21. Rxe5 Bd7 22. Rc7 Kd6 23. Rxd7+ Kxd7) 20. b4 $1 {[%csl Ga2,Gb4,Yc5,Gd3][%cal Ga4c5][%mdl 32] Dieses Motiv erinnert mich an die Partie Fischer,R - Petrosian,T Buenos Aires 1971. 7.Matchpartie. Weiß mobilisiert seine Reserven am Damenflügel und kontrolliert das Feld c5.} Bb7 (20... a5 $2 21. b5) 21. f4 (21. Rc7 Rc8) 21... Rc8 22. Rxc8 Bxc8 23. Rc1 Kd8 24. Kf2 {[%cal Gf2e3,Ge3d4]} Nb8 (24... Rc7 25. Rxc7 Kxc7 26. Ke3) 25. Nc5 (25. Ke3) 25... Rc7 26. Rc2 Nd7 27. Nb3 Rxc2+ 28. Bxc2 $16 {[%mdl 4096] Weiß verfügt über deutlichen Positionsvorteil in diesem Endspiel. Alle schwarzen Bauern stehen auf weißen Feldern und darüber hinaus kontrolliert Weiß die wichtigsten schwarzen Felder. In der Reserve hat er seine Bauernmehrheit auf den a- und b-Linien.} Nb8 29. Nd4 {[%csl Ga2,Gb4,Gd4]} Bd7 30. g4 {[%cal Gg4g5] Die weiße positionelle Drohung ist 1.g5, h4-h5 usw.} h6 (30... Nc6 31. Nxc6+ Bxc6 32. g5 d4 (32... Bb5 33. Ke3 $18) 33. Ke2 $18) 31. Ke3 (31. h4) 31... Kc7 32. a4 Kb6 {[%cal Ga6a5]} 33. a5+ Kb7 34. Bd3 Ba4 35. Be2 Nd7 36. h4 Nb8 37. f5 $18 gxf5 (37... Nc6 38. fxg6 fxg6 39. Nxe6 $18) 38. gxf5 Bd7 39. Bh5 {[%csl Rf7][%cal Rh5f7]} 1-0

[Event "Corus-B"]
[Site "Wijk aan Zee"]
[Date "2006.01.24"]
[Round "9"]
[White "Carlsen, Magnus"]
[Black "Koneru, Humpy"]
[Result "1/2-1/2"]
[WhiteElo "2625"]
[BlackElo "2537"]
[PlyCount "110"]
[EventDate "2006.01.14"]
[EventType "tourn"]
[EventRounds "13"]
[EventCountry "NED"]
[EventCategory "15"]
[SourceTitle "CBM 111"]
[Source "ChessBase"]
[SourceDate "2006.04.04"]
[SourceVersion "1"]
[SourceVersionDate "2006.04.04"]
[SourceQuality "1"]

1. e4 {Huzman,Alexander} e5 2. Nf3 Nf6 3. Nxe5 d6 4. Nf3 Nxe4 5. d4 d5 6. Bd3 Nc6 7. O-O Be7 8. c4 Nb4 9. Be2 O-O 10. a3 Nc6 11. cxd5 Qxd5 12. Nc3 Nxc3 13. bxc3 Bf5 14. Re1 ({RR} 14. c4 Qe4 15. Ra2 Bf6 16. Rd2 Rfe8 17. d5 Na5 18. Bd3 Qg4 19. h3 Qg6 20. c5 Rad8 21. d6 cxd6 22. cxd6 Nc6 23. Bxf5 Qxf5 24. Rd5 Qe4 25. Re1 Qc4 26. Rxe8+ Rxe8 27. d7 Rd8 28. Bg5 Bxg5) 14... Bf6 ({RR} 14... Rfe8 15. Bf4 Rac8 16. h3 ({RR} 16. Bf1 Bd6 17. Rxe8+ Rxe8 18. c4 Qe4 19. Bxd6 cxd6 20. Qd2 Qc2 21. Qf4 h6 22. h3 Qb2 23. Rd1 Bc2 24. Qd2 Qb3 25. Rc1 Be4 26. Rc3 Qb6 27. Re3 Re7 28. Qe1 Bxf3 29. Rxe7) 16... h6 17. Nd2 ({RR} 17. g4 Bg6 18. Bd3 Bxd3 19. Qxd3 Qd7 20. d5 Bf6) ({RR} 17. Bd3 Qd7 18. Rb1 Bxd3 19. Qxd3 b6 20. d5 Bf6 21. c4 Ne7 22. Ne5 Bxe5 23. Rxe5 Ng6 24. Rxe8+ Rxe8 25. Bg3 Qe7) 17... Na5 18. Bf3 Qd7 19. Ne4 Rcd8 20. Ra2 b6 21. Rae2 Bxa3 22. Bg4 Be6 23. Bxh6 Bxg4 24. hxg4 Rxe4 25. Rxe4 gxh6 26. g5 hxg5 27. Qh5 f6 28. f4 Rf8 29. Re7) 15. Bf4 Rac8 16. Nd2 ({RR} 16. h3 Rfe8 17. Nd2 Re7 18. Bf3 Qd7 19. Ne4 Bxe4 20. Rxe4 Rce8 21. Rxe7 Rxe7 22. g4 g6 23. Kg2 Nd8 24. Bg3 c6 25. Qa4 c5 26. Qxa7 cxd4 27. Rd1 d3 28. c4 Nc6 29. Qa8+ Kg7 30. Bd5 Ne5 {Zallio,L (2127)-Fernandes,M (1946) Clube Pinto Paiva 2024 ½-½ (69)}) 16... Rfe8 17. Bf3 Rxe1+ $146 ({RR} 17... Qd7 18. Ne4 Bxe4 19. Rxe4 Rxe4 20. Bxe4 Re8 21. Qd3 g6 22. h3 Na5 23. Rb1 c6 ({RR} 23... b6 24. Qf3 Be7 25. Be5 Bd6 26. Rd1) 24. Bf3 b6 ({RR} 24... b5 25. a4 Nc4) 25. Rd1 Rd8 26. d5 cxd5 27. Bxd5 Qa4 28. Qf3 Kg7 29. Qd3 Qb5 30. Qe3 Re8 ({RR} 30... h5 31. Qf3 Nc4 32. g4 hxg4 33. hxg4 Qc5 ({RR} 33... Nb2 34. Rd2 Nc4 ({RR} 34... Na4 35. g5 Bxc3 36. Bc4 Qb1+ ({RR} 36... Qe8 37. Rxd8 Qxd8 38. Bb5) 37. Kg2 Rxd2 ({RR} 37... Bxd2 38. Be5+) 38. Be5+) 35. Bxc4 Qxc4 36. g5 Be7 37. Be5+ Kg8 38. Qh3) 34. g5 Be7 35. Rd3 b5 36. Qe4) 31. Bh6+ Kh8 32. Qf3 {Hansen,S (2568)-Docx,S (2310) Gothenburg 2005 CBM 109 [Huzman,Alexander] 1-0 (35)} {RR} Bg7 33. Bxg7+ Kxg7 34. Qxf7+ Kh6 35. Rd4) 18. Qxe1 Qd7 19. Ne4 Be7 20. Qe2 Bxe4 21. Qxe4 Bd6 22. Be3 Re8 23. Qd5 Nd8 24. g3 c6 25. Qa5 b6 26. Qa4 Re7 27. c4 c5 28. Qxd7 Rxd7 29. Bg4 Rc7 30. d5 Nb7 31. Bd2 Kf8 32. Be2 Be5 33. Rb1 Ke7 34. Bd3 Kd6 35. Kg2 Re7 36. g4 h6 37. h4 Kc7 38. f4 Bd4 39. Kf3 Nd6 40. h5 Re8 41. a4 a5 42. Rh1 Kd7 43. g5 f5 44. Rh2 Rh8 45. Rh3 Kc7 46. Rh1 Kd7 47. Rh2 Ba1 48. Re2 Re8 49. Rg2 Rh8 50. Re2 Re8 51. Be3 Rh8 52. Ra2 Bc3 53. Rc2 Bd4 54. Rh2 Re8 55. Bd2 Rh8 1/2-1/2